000 00444nam a2200181Ia 4500
005 20250326141929.0
008 250326s9999 xx 000 0 und d
037 _aTextbook
040 _aFMSL
_beng
_cFMSL
041 _aeng
_2eng
084 _qFMSL
100 _aPatil S H
245 0 _aGandhi and Swaraj
_cPatil S H
260 _aDeep
_bDeep, & Deep Publication
_c1983
300 _a175p
942 _cTB
999 _c1292657
_d1292657